000 00994aam a2200349 a 4500
001 990175365720107026
003 UkOxU
005 20250415103319.0
008 110329s2011 enk b 000 0 eng c
015 _aGBB145782
_2bnb
020 _a9781859463888 (pbk.)
035 _a(UkOxU)017536572
035 _a(UkOxU)017536572BIB01
035 _a(StEdNL)4495241
035 _a(Uk)015773506
040 _aStEdNL
041 _aeng
042 _aukscp
043 _ae-uk---
082 0 4 _a692.80941
100 1 _aFinch, Roland.
245 1 0 _aNBS guide to tendering :
_bfor construction projects /
_cRoland Finch.
246 3 0 _aGuide to tendering :
_bfor construction projects
260 _aLondon :
_bNBS,
_c2011.
300 _a32 p. ;
_c22 cm.
504 _aIncludes bibliography.
650 0 _aContractors
_xSelection and appointment
_zGreat Britain
650 0 _aLetting of contracts
_zGreat Britain
651 _aUnited Kingdom
700 _aFinch, Roland
942 _n0
999 _c122140
_d122140